|
|
|
|
| LEADER |
01703nab#a2200481#ar4500 |
| 001 |
000000994 |
| 003 |
SVKKK |
| 005 |
00000000000000.0 |
| 008 |
c xo e engo |
| FMT |
|
|
|
| 038 |
|
|
|a SVKKK
|
| 040 |
|
|
|a SVKKK
|b slo
|e AACR2
|
| 041 |
0 |
|
|a eng
|b eng
|
| 044 |
|
|
|a xo
|c SK
|
| 080 |
|
|
|a 551.242(234.372.3)
|2 1981
|
| 080 |
|
|
|a 551.763(234.372.3
|2 1981
|
| 080 |
|
|
|a 552.323"6136"(234.372.3
|2 1981
|
| 242 |
1 |
0 |
|a U/Pb obdobie zirkónov postorogenickej kyslosti metavulkánov a metasubvulkánov: zaznamenanie perm-triasového tafrogénu západokarpatského základu
|
| 245 |
0 |
0 |
|a U/Pb dating of zircons of postorogenic acid metavolcanics and metasubvolcanics: A record of permian-triassic taphrogeny of the West-Carpatian basement
|c Kotov Alexander B. ... [et al.] Sonya Z., Bereznaya Natalya G., Kráľ Ján, Krist Ernest, ,
|
| 300 |
|
|
|b Obr. 5, tab. 3,
|
| 504 |
|
|
|a Res. angl., lit. 37 zázn. v angl.
|
| 650 |
0 |
4 |
|a metasubvulkány alkalické
|x sedimenty anorganické
|
| 650 |
0 |
4 |
|a perm
|x tafrogén
|
| 650 |
0 |
4 |
|a zóna tatro-veporická
|x datovanie
|x štúdie
|
| 700 |
1 |
|
|a Bereznaya, Natalya G.
|4 aut
|
| 700 |
1 |
|
|a Korikovsky, Sergej P.
|4 aut
|
| 700 |
1 |
|
|a Kotov, Alexander B.
|4 aut
|
| 700 |
1 |
|
|a Kovach, Victor P.
|4 aut
|
| 700 |
1 |
|
|a Krist, Ernest
|4 aut
|
| 700 |
1 |
|
|a Kráľ, Ján
|4 aut
|
| 700 |
1 |
|
|a Miko, Oto
|4 aut
|
| 700 |
1 |
|
|a Putiš, Marián
|4 aut
|
| 700 |
1 |
|
|a Salniková, Ekaterina B.
|4 aut
|
| 700 |
1 |
|
|a Yakovleva, Sonya Z.
|4 aut
|
| 773 |
0 |
|
|t Geologica Carpathica
|x 1335-0552
|g Roč. 47, č. 2(1996), s. 73-79
|
| 958 |
|
|
|a MS
|
| 958 |
|
|
|a NB
|
| 958 |
|
|
|a NP
|
| 974 |
|
|
|d 960607
|a 244
|
| 992 |
|
|
|a RBX
|
| BAS |
|
|
|
| 852 |
|
|
|a SVKKK
|b BIB
|
| 998 |
|
|
|a GEO
|